| 000 | 00604nam a2200229 a 4500 | ||
|---|---|---|---|
| 999 |
_c5940 _d5940 |
||
| 001 | 5940 | ||
| 003 | BD-JhCC | ||
| 005 | 20171231094411.0 | ||
| 008 | 171231s1960 u a|||| || | 001 0 eng d | ||
| 035 | _a(BD-JhCC)5940 | ||
| 040 |
_aBD-JhCC _dBD-JhCC |
||
| 041 | _aeng | ||
| 082 |
_a631.12 _bCOO 1960 |
||
| 100 | _aCook, David I. | ||
| 245 |
_aEngineering Mechanics Statics / _cDavid I. Cook and Donald N. Pierce |
||
| 260 |
_aUSA : _bInternational Textbook Company, _c1960. |
||
| 300 |
_a227 p. : _c24 cm. |
||
| 650 | _aStatics | ||
| 700 | _aPierce, Donald N. | ||
| 942 |
_2ddc _cBK |
||